[Event "Bassano del Grappa Easter op-A 2nd"]
[Site "Bassano del Grappa"]
[Date "2022.04.14"]
[Round "1"]
[White "Rosol, Alexander"]
[Black "Weber, Samuel"]
[Result "1-0"]
[WhiteElo "1966"]
[BlackElo "2265"]
[PlyCount "69"]
[EventDate "2022.04.14"]
[EventType "swiss"]
[EventRounds "9"]
[EventCountry "ITA"]
[SourceTitle "EXT 2024"]
[Source "ChessBase"]
[SourceDate "2023.10.10"]
[SourceVersion "1"]
[SourceVersionDate "2023.10.10"]
[SourceQuality "1"]

1. e4 c5 2. b4 cxb4 3. a3 e6 4. axb4 Bxb4 5. c3 Be7 6. d4 d6 7. Nf3 Nf6 8. Bd3 Nc6 9. e5 dxe5 10. dxe5 Nd7 11. Qe2 Ndxe5 12. Nxe5 Nxe5 13. Qxe5 Qxd3 14. Qxg7 Rf8 15. Qg3 Qe4+ 16. Be3 Bh4 17. Nd2 Bxg3 18. Nxe4 Be5 19. f4 Bh8 20. Kf2 f5 21. Nd6+ Kd7 22. Nb5 b6 23. Rhd1+ Kc6 24. Rxa7 Rxa7 25. Nxa7+ Kb7 26. Nb5 Bf6 27. Rd6 Bd8 28. c4 h5 29. Rd2 h4 30. Ra2 Bd7 31. Ra7+ Kc6 32. Nd4+ Kd6 33. Bd2 Kc5 34. Rxd7 Kxc4 35. Nxe6 1-0

[Event "Skalica Masters op"]
[Site "Skalica"]
[Date "2020.08.27"]
[Round "6"]
[White "Rosol, Alexander"]
[Black "Stevik, Patrik1111"]
[Result "1-0"]
[WhiteElo "1923"]
[BlackElo "2076"]
[PlyCount "51"]
[EventDate "2020.08.23"]
[EventType "swiss"]
[EventRounds "9"]
[EventCountry "SVK"]
[SourceTitle "CBM 198 Extra"]
[Source "ChessBase"]
[SourceDate "2020.11.30"]
[SourceVersion "1"]
[SourceVersionDate "2020.11.30"]
[SourceQuality "1"]

1. e4 g6 2. d4 Bg7 3. Nc3 d6 4. f4 a6 5. Nf3 b5 6. Bd3 Bb7 7. 0-0 Nd7 8. e5 e6 9. Be3 Nh6 10. Bf2 0-0 11. Ne4 d5 12. Neg5 Qc8 13. Nh4 c5 14. c3 Qc6 15. g4 f6 16. Nxh7 Kxh7 17. Bxg6+ Kg8 18. g5 fxg5 19. fxg5 Nxe5 20. gxh6 Rf6 21. Qh5 Bf8 22. Bg3 Nd7 23. Bf7+ Kh8 24. Rxf6 Nxf6 25. Ng6+ Kh7 26. Nxf8+ 1-0

[Event "Suwalki Warakomska Memorial op 4th"]
[Site "Suwalki"]
[Date "2020.08.10"]
[Round "6"]
[White "Rosol, Alexander"]
[Black "Jurkiewicz, Krzysztof1111"]
[Result "1-0"]
[WhiteElo "1923"]
[BlackElo "2011"]
[PlyCount "69"]
[EventDate "2020.08.06"]
[EventType "swiss"]
[EventRounds "9"]
[EventCountry "POL"]
[SourceTitle "CBM 197 Extra"]
[Source "ChessBase"]
[SourceDate "2020.09.30"]
[SourceVersion "1"]
[SourceVersionDate "2020.09.30"]
[SourceQuality "1"]

1. e4 c5 2. Nf3 d6 3. d4 cxd4 4. Nxd4 Nf6 5. Nc3 g6 6. Be3 Bg7 7. f3 a6 8. Qd2 Nbd7 9. g4 b5 10. g5 Nh5 11. 0-0-0 Bb7 12. Be2 Qa5 13. Kb1 Nc5 14. Nb3 Nxb3 15. axb3 Rc8 16. Nd5 Qxd2 17. Rxd2 e6 18. Nb6 Rc6 19. c4 b4 20. Rhd1 Be5 21. c5 Bf4 22. Nc4 Bxe3 23. Nxe3 Rxc5 24. Rxd6 0-0 25. h4 a5 26. Ng4 Kg7 27. Bc4 Nf4 28. Nf6 Rfc8 29. Rd7 Ba8 30. Ba6 Rf8 31. Rd8 Bc6 32. R1d2 h6 33. gxh6+ Kxf6 34. Rxf8 Rh5 35. Rc8 1-0

[Event "Suwalki Warakomska Memorial op 4th"]
[Site "Suwalki"]
[Date "2020.08.06"]
[Round "1"]
[White "Rosol, Alexander"]
[Black "Rudzinska, Michalina"]
[Result "0-1"]
[WhiteElo "1923"]
[BlackElo "2162"]
[PlyCount "112"]
[EventDate "2020.08.06"]
[EventType "swiss"]
[EventRounds "9"]
[EventCountry "POL"]
[SourceTitle "CBM 197 Extra"]
[Source "ChessBase"]
[SourceDate "2020.09.30"]
[SourceVersion "1"]
[SourceVersionDate "2020.09.30"]
[SourceQuality "1"]

1. e4 c5 2. Nf3 e6 3. d4 cxd4 4. Nxd4 a6 5. Nc3 Qc7 6. Bd3 Nf6 7. 0-0 Nc6 8. Nxc6 bxc6 9. Qe2 e5 10. f4 Bd6 11. f5 h5 12. Bg5 Ng4 13. Na4 Be7 14. Bd2 d5 15. c4 Bb7 16. c5 Rd8 17. Bc3 Bg5 18. h3 Be3+ 19. Kh1 Qe7 20. g3 Qg5 21. Kg2 dxe4 22. Bxe4 Bd2 23. hxg4 Bxc3 24. Rad1 Bd4 25. gxh5 Qxh5 26. Qxh5 Rxh5 27. Rf3 Ke7 28. Rh1 Rxh1 29. Kxh1 Kf6 30. Kg2 a5 31. Rb3 Ba6 32. Rb6 Bb5 33. Bxc6 Bxc6+ 34. Rxc6+ Kxf5 35. Ra6 Bxb2 36. Nxb2 Rd2+ 37. Kf3 Rxb2 38. Rxa5 Rc2 39. a4 Rc3+ 40. Kf2 Ke4 41. Ra7 f5 42. Rxg7 Rc2+ 43. Ke1 Rxc5 44. Rb7 Rc3 45. Kf2 Rc2+ 46. Kf1 Ra2 47. Rb4+ Kf3 48. Rb3+ Kg4 49. Re3 e4 50. Rb3 Rxa4 51. Rc3 Rd4 52. Kf2 Rd2+ 53. Kf1 Rd3 54. Rc8 Kxg3 55. Rg8+ Kf3 56. Ke1 Ra3 0-1